Semantic information processing

Αποθηκεύτηκε σε:
Λεπτομέρειες βιβλιογραφικής εγγραφής
Άλλοι συγγραφείς: Minsky, Marvin, 1927-2016 (Επιμελητής έκδοσης)
Μορφή: Βιβλίο
Γλώσσα:English
Δημοσίευση: Cambridge, Mass. : MIT Press, c1968.
Θέματα:
Ετικέτες: Προσθήκη ετικέτας
Δεν υπάρχουν, Καταχωρήστε ετικέτα πρώτοι!

MARC

LEADER 00000cam a2200000 i 4500
001 1/17299
008 010216s1968 mau| ||| |||| ||eng||
035 |l 10066081 
040 |a GR-MyUA  |b gre  |e AACR2 
041 0 |a eng 
082 7 |a 006.35   |2 (21) 
245 1 0 |a Semantic information processing /   |c Marvin Minsky, editor.  
260 |a Cambridge, Mass. :   |b MIT Press,   |c c1968.  
300 |a viii, 440 σ. :   |b εικ. ;   |c 24 εκ.  
504 |a Περιέχουν βιβλιογραφικές αναφορές και ευρετήρια.  
650 0 |a Artificial intelligence. 
650 0 |a Computational linguistics. 
650 0 |a Semantics  |x Data processing. 
700 1 |a Minsky, Marvin,   |d 1927-2016,  |e edt 
852 |a INST  |b SAMOS  |e 20010216  |h 006.35 SEM  |p 005300021669  |q 005300021669  |t BK  |y 0 
852 |a INST  |b SAMOS  |e 20010216  |h 006.35 SEM  |p 005300021670  |q 005300021670  |t BK  |y 0 
852 |a INST  |b SYROS  |e 20010216  |h 006.35 SEM  |p 005500000317  |q 005500000317  |t BK  |y 0 
901 |a BIBL3-2001-1 
922 |a 3ΕΛΗ  |b 200002  |c ΤΠΕΣ/ΠΟΛ  |d LEADER 
922 |a 5ΕΛΗ  |b 200002  |c ΤΠΕΣ/ΠΟΛ  |d LEADER 
970 |a Πουρνάρας  |b Δημήτρης  |z 16/02/2001